National Anthem of Sierra Leone (English) - Statistics

General Stats
  • This quiz has been taken 6 times
  • The average score is 77 of 183
Answer Stats
Lyrics % Correct
O
100%
our
100%
we
100%
We
100%
free;
80%
land.
80%
Land
80%
Leone.
80%
love
80%
love,
80%
of
80%
re-
80%
Sierra
80%
the
80%
The
80%
thee,
80%
thee;
80%
thee
80%
thee.
80%
thy
80%
a
60%
exalt
60%
for
60%
High
60%
high,
60%
no
60%
raise
60%
realm
60%
up
60%
us
60%
voices
60%
be
40%
Great
40%
have
40%
hearts
40%
is
40%
on
40%
peace
40%
So
40%
so
40%
that
40%
That
40%
to
40%
all;
20%
All
20%
and
20%
children
20%
cry;
20%
ever
20%
Ever
20%
fall,
20%
Firmly
20%
harm
20%
in
20%
may
20%
praise,
20%
pray
20%
stand,
20%
stand
20%
they
20%
united
20%
valleys
20%
alone,
0%
Blessing
0%
blessing
0%
cause
0%
defend
0%
descend
0%
devotion,
0%
echo
0%
faith
0%
fame.
0%
forefathers
0%
forth
0%
good
0%
hills
0%
honour
0%
inspires,
0%
Knowledge
0%
labour,
0%
led;
0%
made
0%
might,
0%
Mighty
0%
name,
0%
nations
0%
native
0%
never
0%
One
0%
Ours
0%
own,
0%
pledge
0%
right;
0%
seek
0%
serve
0%
Show
0%
Singing
0%
spread,
0%
strength
0%
thine
0%
tires;
0%
too
0%
truth
0%
whom
0%
wisdom
0%
with
0%
zeal
0%
No matching quizzes found
Score Distribution
Percent of People with Each Score
Percentile by Number Answered
Your Score History
You have not taken this quiz